000
00308nam a22001337a 4500
008
181019b xxu||||| |||| 00| 0 eng d
020
_a
9780393701890
041
_a
eng
080
_a
159.9
100
_a
49
101
_a
PSI
245
_a
A primer Of Brief Psycho Therapy
_c
Cooper.J.F
942
_2
udc
_c
BK
999
_c
50288
_d
50288